00876nam a2200217Ia 4500003000500000005001700005008004100022020001900063040000800082082001700090100002500107245007100132260003900203300002800242504011800270521001000388942002900398999001900427952009500446952011700541322820220202121820.0210816s9999 xx 000 0 und d a9781845575915" cRDA a617.601 TALW aTalwar Rajesh929367 0aYour guide to Teeth CarecDr. Talwar Rajesh and Dr. Talwar Nupur aEngland: BerkshirebNew Dawn Press a80pbIllustrationc21cm aReinforces one awareness about teeth care both clinlcal and cosmetic through practical and planned oral healthcar aAdult cBOOK2ddch617.601iTalw c110082d110081 00104070aMASOLbMASOLd2021-08-17g68.00l0p33228023613472r2021-08-17w2021-08-17yBK 00102ddc40708NFICaKWAMLbPHUMLcGENd2022-02-02o617.601 TALWp33228031022980r2022-02-02w2022-02-02yBOOK